| 000 | 00443nam a2200133Ia 4500 | ||
|---|---|---|---|
| 008 | 260210s9999 xx 000 0 und d | ||
| 024 | _a10B-71-BS & 10B-54-BS | ||
| 082 | _a004.165072 ABD | ||
| 100 | _aAbdul Baqui Khan & Rahid Sajid | ||
| 245 | 0 | _aProblems of Objects Collision in Android Game programming (code book) | |
| 260 |
_aKarachi: _bUITU, _c2010 |
||
| 600 | _aComputer Science | ||
| 650 | _aBachelor of Computer Science (BS) | ||
| 999 |
_c32144 _d32144 |
||